00533nam a2200145Ia 4500008004100000020001800041082001900059245009000078260002700168300001000195650003700205700003200242952009600274999001700370120629s9999 xx 000 0 und d a968-493-388-6 a320.5315 M479m aMéxico 2000 : alternativas y transición a la democracia / Luis Salazar C.; coord. aMéxico : Cal y arena a499 p a1. DERECHO \ 2. CIENCIA POLITICA aSalazar C., Luis; coord.Ì 00104070a15b15d2006-07-18l0o320.5315 M479Mp15 000569r2017-12-07t1w2012-06-28yLB c75044d75044